Văn học Việt Nam nữa cuối thế kỷ XVIII nữa đầu thế kỷ XIX

محفوظ في:
التفاصيل البيبلوغرافية
المؤلف الرئيسي: Nguyễn Lộc
التنسيق: كتاب
الوسوم: إضافة وسم
لا توجد وسوم, كن أول من يضع وسما على هذه التسجيلة!
Thư viện lưu trữ: Mạng thư viện Đại học Đà Nẵng
LEADER 00702nam a2200217 4500
001 000003943
003 71
005 20150812140850.0
008 110713s sd
100 0 |a Nguyễn Lộc 
245 0 0 |a Văn học Việt Nam nữa cuối thế kỷ XVIII nữa đầu thế kỷ XIX  |c Nguyễn Lộc 
774 |a c  |d Giáo dục  |d H.  |d 1976  |g Tập 1  |h 355tr  |w 73 
774 |a Nguyễn Lộc  |d Đại học và Trung học chuyên nghiệp  |d H.  |d 1978  |g Tập 2  |h 448tr  |w 75 
OWN |a LSP 
999 |a From the UDN01 
TYP |a Monograph 
TYP |a Printed language 
980 |a Mạng thư viện Đại học Đà Nẵng